KOHA-Header-6

Short Poems! : Book of very Short Poems (Record no. 9692)

000 -LEADER
fixed length control field 00284nam a2200109Ia 4500
100 ## - MAIN ENTRY--AUTHOR NAME
Personal name Michael Harrison
245 #0 - TITLE STATEMENT
Title Short Poems! : Book of very Short Poems
260 ## - PUBLICATION, DISTRIBUTION, ETC. (IMPRINT)
Place of publication Canada
Name of publisher Tata McGraw Hill
Year of publication 2004
300 ## - PHYSICAL DESCRIPTION
Number of Pages 191
942 ## - ADDED ENTRY ELEMENTS (KOHA)
Koha item type Books
Holdings
Withdrawn status Lost status Collection code Permanent Location Current Location Shelving location Date acquired Full call number Accession Number Koha item type
    English Literature MAJU MAJU Shelf No.A15 2019-09-14 811.0080 5604 English Literature

Powered by Koha